00719 2200229 4500001002100000005001500021035002000036007000300056008004100059020002200100082001000122084001600132100003500148245015000183260004500333300003000378650001600408700002300424700001800447990001200465990001200477INLIS00000000000142120180207090101 a0010-0218000016ta180207 g 0 ind  a978-602-03-1829-5 a641.5 a641.5 SIS s0 aSIS, Cartica (Sisca) Soewitomo1 aStep by Step 25 Resep Sajian Segar dari Buah-buahan ala Sisca Soewitomo /cSis Cartica (Sisca) Soewitomo; editor, Intarina Hardiman, Petra Aquina aJakarta :bGramedia Pustaka Utama,c2015 a55 hlm. :bilus. ;c23 cm aRESEP MAKAN0 aINTARINA, Hardiman0 aPETRA, Aquina a16824 a a16824 b